DVloper Games - Statistics

General Stats
  • This quiz has been taken 24 times
  • The average score is 7 of 17
Answer Stats
Year Game % Correct
2017 Granny
80%
2013 Slendrina
80%
2014 Slendrina: The Cellar
70%
2021 Granny 3
60%
2017 Slendrina X
50%
2020 The Twins
50%
2014 House of Slendrina
40%
2015 Slendrina 2D
40%
2015 Slendrina: Asylum
40%
2016 Slendrina: The School
40%
2019 Granny: Chapter Two
30%
2013 Slenderman: Rise Again
30%
2016 Slendrina: The Cellar 2
30%
2017 Slendrina: The Forest
30%
2016 The Child of Slendrina
30%
2016 Hotel Insanity
10%
2015 Robot Hunt
10%
No matching quizzes found
Score Distribution
Percent of People with Each Score
Percentile by Number Answered
Your Score History
You have not taken this quiz